000 00437nam a2200181Ia 4500
003 OSt
005 20251203095626.0
008 250729s1995 xx 000 0 und d
040 _cAL
041 _aeng
082 _a320 PANP
100 _aPantham Thomas
_9225402
245 _aPolitical theories & social reconstruction
260 _aNew Delhi
_c1995
300 _a230p
650 _aPolitical Science
_9225403
942 _2ddc
_cBED
999 _c236893
_d236893